Pokémon - Les attaques de Togekiss - Statistiques

Statistiques générales
  • Ce quiz a été pris 27 fois
  • Le résultat moyen est 10 sur 21
Statistiques - réponses
Niveaux Types Noms des attaques % Correct
Départ Évolution Vol Lame d'Air
88%
Départ Eau Fontaine de Vie
81%
Départ Roche Pouvoir Antique
81%
Départ Combat Aurasphère
75%
Départ Fée Charme
75%
Départ Normal Rugissement
69%
Départ Normal Métronome
63%
Départ Vol Piqué
63%
Départ Fée Doux Baiser
56%
Départ Fée Vent Féérique
50%
Départ Normal Vœu
50%
Départ Normal Damoclès
38%
Départ Normal Écras'Face
38%
Départ Normal Par Ici
38%
Départ Normal Vitesse Extrême
38%
Départ Normal Rune Protect
25%
Départ Normal Dernier Recours
19%
Départ Normal Après Vous
13%
Départ Normal Relais
13%
Départ Normal Bâillement
6%
Départ Normal Triplattaque
6%
Aucun quiz correspondant
Distribution des résultats
% des personnes avec chaque résultat
Percentile par nombre de réponses
Votre historique - résultats
Vous n’avez pas pris ce quiz